Ultimate Animal Quiz # - Statistics

General Stats
  • This quiz has been taken 10 times
  • The average score is 7 of 15
Answer Stats
Question Answer % Correct
Monotremata and Marsupialia are two of the major subgroups in the class 'Mammalia', which is the other major subgroup? Placentalia
80%
What is the Latin name for the Red Fox? Vulpes vulpes
80%
Which of these is not a type of parrot? Tropicbirds
70%
Which adult male of the species weighs the most? African Forest Elephant
60%
Which species of monkey is iconic for bathing in hot springs in the snow? Japanese Macaque
60%
There are roughly more than 5.5 million species of what? Insects
50%
Which cat has the Latin name 'Panthera onca'? Jaguar
50%
Which cobra species is not phylogenetically a true cobra? King Cobra
40%
Which of these is not a real animal? Woolly Anole
40%
The African wild ass otherwise known as the African wild donkey has what distinct feature? Zebra-like stripes on the legs
40%
Which is the largest species of Lemur? Indri
30%
Which is the fastest species of fish? Sailfish
30%
The order 'Eulipotyphla' means what? True insectivores
30%
The Southern Elephant Seal is the largest member of the clade Pinnipedia, what is the heaviest estimated weight of an adult bull? 5000 kg
20%
Which of these animals is the closest relative to a hamster? Vole
20%
No matching quizzes found
Score Distribution
Percent of People with Each Score
Percentile by Number Answered
Your Score History
You have not taken this quiz